000 01037nam0a22003011 4500
001 rc\4608411
005 20250612131621.0
021 _aRU
_b[66-18027]
035 _a(NLR Aleph) 008669718
090 _a9112639
_c9112639
100 _a20130416d1966 |||y0rusy50 ca
101 1 _arus
_cspa
102 _aRU
105 _aa z |||a|
200 1 _aТак было...
_eРоман
_fПер. с исп. Л. Синянской
_g[Предисл. И. Винниченко
_gИл.: В. Пивоваров]
210 _aМосква
_cХудож. лит.
_d1966
215 _a351 с.
_cил.
_d16
606 _aАмериканский империализм на Кубе (х. л.)
_2psbo
607 _aКуба
_z20 в. (х. л.)
_2psbo
700 1 _aОтеро
_bЛ.
_f1932-
_gЛисандро
702 1 _aВинниченко
_bИ.
_4080
702 1 _aПивоваров
_bВ.
_4440
702 1 _aСинянская
_bЛ.
_4730
801 0 _aRU
_bNLR
_gpsbo
801 1 _aRU
_bELAR
_2rusmarc
852 _aNLR
_j66-3/847
942 _cBOOK
980 _aNB